00945nam a22002535a 450000500170000000800410001701000140005802000260007202000230009803500130012103700150013404000180014908200110016710000170017824501100019526000330030527000860033830000440042450400510046865000680051965000390058765000240062665000410065020080730012638.0080621s2007 ii a b 001 0 eng  aENG-92377 a9788180521997c350.00 a8180521990c350.00 aEN-75910 bDBAD / PUB adplbEnglish  a681.2  aKher, Manik. aTechnology spin-off and commercialization :bthe case of dual-use technologies in India /cby Manik Kher. aNew Delhi bAne Books c2007 a4821, Parwana Bhawan, Ist Floor, 24, Ansari Road, Daryaganj, bNew Delhi e110002 axiv, 154 p. :bb&w photos c24 cm (Hb)  aIncludes bibliographical references and index. aScientific apparatus and instrumentsxTechnological innovations aDetectorsxIndustrial applications aCommercial products aAerospace industrieszUnited States